书目信息 |
| 题名: |
商业会计学
|
|
| 作者: | 中华人民共和国商业部教材编审委员会 编 | |
| 分册: | ||
| 出版信息: | 北京 中国商业出版社 1981 |
|
| 页数: | 559页 | |
| 开本: | 21cm | |
| 丛书名: | ||
| 单 册: | ||
| 中图分类: | F715.5 | |
| 科图分类: | ||
| 主题词: | 商业会计 , 商业经济--国内 | |
| 电子资源: | ||
| ISBN: | ||
| 000 | 00763nam0 2200253 45 | |
| 001 | 0181006999 | |
| 005 | 20040430142339.1 | |
| 010 | @dCNY1.65 | |
| 091 | @a4237.055 | |
| 100 | @a19950606d1981 em y0chiy0121 ea | |
| 101 | 0 | @achi |
| 102 | @aCN@b110000 | |
| 105 | @ay z 000yy | |
| 106 | @ar | |
| 200 | 10 | @a商业会计学@Ashang ye kuai ji xue@f中华人民共和国商业部教材编审委员会编@FZhong Hua Ren Min Gong He Guo Shang Ye Bu Jiao Cai Bian Shen Wei Yuan Hui Bian |
| 210 | @a北京@c中国商业出版社@d1981 | |
| 215 | @a559页@d21cm | |
| 606 | @a商业会计 | |
| 606 | 0 | @a商业经济@x国内 |
| 690 | @aF715.5@v3 | |
| 701 | 0 | @a中华人民共和国商业部教材编审委员会@4编 |
| 801 | 0 | @aCN@b上海图书馆@c20040430 |
| 801 | 2 | @aCN@bNLC@c20040430 |
| 905 | @f1@b110439@dF715.5@e25 | |
| 商业会计学/中华人民共和国商业部教材编审委员会编.-北京:中国商业出版社,1981 |
| 559页;21cm |
| ISBN :CNY1.65 |
| ● |
| 相关链接 |
|
|
|
|
正题名:商业会计学
索取号:F715.5/25
 
预约/预借
| 序号 | 登录号 | 条形码 | 馆藏地/架位号 | 状态 | 备注 |
| 1 | 0110439 | 000487805 | 第一样本阅览室/ [索取号:F715.5/25] | 在馆 |